000 00441ntaaa2200169 4500
003 01
005 20251027201911.0
008 0714s1973 ag 01
040 _aAR-BaBN
_bspa
_cAR-BaBN
_eaacr
_dRIC
082 _a244.1000 R24
100 _aRebasa, Daniel
_917566
245 _aManuscrito del Palai Chulan
250 _a1 ed. :
_bEdiciones "Sendas de Luz",
_cn.f.
300 _a21 p.
650 _aColección Lecturas Infantiles
942 _cBK
999 _c13736
_d13736